[Event "IECG TE.2005.P.02016"]
[Site "IECG email"]
[Date "2005.12.19"]
[Round "?"]
[White "Ekaworawong, Prayoon"]
[Black "Klykow, Lukasz"]
[Result "0-1"]
[WhiteElo "1819"]
[BlackElo "2168"]
[PlyCount "68"]
[EventDate "2005.12.19"]
[EventType "tourn (corr)"]
[EventRounds "8"]
[SourceTitle "Corr 2008"]
[Source "ChessBase"]
[SourceDate "2008.06.24"]
[SourceVersion "1"]
[SourceVersionDate "2008.06.24"]
[SourceQuality "1"]

1. e4 e5 2. Nf3 Nc6 3. c3 Nf6 4. d4 d5 5. Bb5 exd4 6. e5 Ne4 7. Nxd4 Bd7 8. Qb3 Qe7 9. Qxd5 Nf6 10. Qc4 Nxe5 11. Bxd7+ Qxd7 12. Qb5 Qxb5 13. Nxb5 Nd3+ 14. Ke2 0-0-0 15. Rd1 Nxc1+ 16. Rxc1 Bc5 17. b4 Bb6 18. a4 Ng4 19. Nd4 Bxd4 20. cxd4 Rxd4 21. h3 Ne5 22. b5 Nd3 23. Rf1 Re8+ 24. Kf3 Nc5 25. Ra3 Nxa4 26. Rc1 Re5 27. Rb3 Nc5 28. Re3 Ne4 29. g4 Ng5+ 30. Kg2 Rxb5 31. Nc3 Rb3 32. Rce1 Ne6 33. Kg3 Nc5 34. R1e2 Rd3 0-1

[Event "IECG TE.2005.P.02016"]
[Site "IECG email"]
[Date "2005.12.19"]
[Round "?"]
[White "Theeravanvilai, Prasert"]
[Black "Ekaworawong, Prayoon"]
[Result "0-1"]
[WhiteElo "1500"]
[BlackElo "1819"]
[PlyCount "48"]
[EventDate "2005.12.19"]
[EventType "tourn (corr)"]
[EventRounds "8"]
[SourceTitle "Corr 2008"]
[Source "ChessBase"]
[SourceDate "2008.06.24"]
[SourceVersion "1"]
[SourceVersionDate "2008.06.24"]
[SourceQuality "1"]

1. e4 e5 2. Nf3 Nc6 3. c3 Nf6 4. d3 d5 5. exd5 Qxd5 6. g3 Bg4 7. Nbd2 Bc5 8. Be2 0-0 9. 0-0 Bh3 10. c4 Qd6 11. Re1 Bxf2+ 12. Kh1 Bxe1 13. Qxe1 h6 14. Nh4 Nd4 15. Qf2 Nxe2 16. Qxe2 Rad8 17. Nhf3 Rfe8 18. b3 e4 19. Nxe4 Rxe4 20. dxe4 Qd1+ 21. Qxd1 Rxd1+ 22. Ng1 Nxe4 23. Be3 Rxa1 24. Bxa7 b6 0-1

[Event "IECG TE.2005.P.02016"]
[Site "IECG email"]
[Date "2005.12.19"]
[Round "?"]
[White "Wurm, Tamas"]
[Black "Ekaworawong, Prayoon"]
[Result "0-1"]
[WhiteElo "1036"]
[BlackElo "1819"]
[PlyCount "56"]
[EventDate "2005.12.19"]
[EventType "tourn (corr)"]
[EventRounds "8"]
[SourceTitle "Corr 2008"]
[Source "ChessBase"]
[SourceDate "2008.06.24"]
[SourceVersion "1"]
[SourceVersionDate "2008.06.24"]
[SourceQuality "1"]

1. e4 e5 2. Nf3 Nc6 3. c3 d5 4. Qa4 f6 5. Bb5 Nge7 6. exd5 Qxd5 7. 0-0 Bd7 8. d4 e4 9. c4 Qd6 10. c5 Qe6 11. Re1 f5 12. Nc3 h6 13. Bf4 0-0-0 14. Bxc6 Bxc6 15. Qxa7 Ng6 16. Bg3 Bd5 17. Ne5 Nxe5 18. Bxe5 Rh7 19. Nb5 g5 20. Nxc7 Rxc7 21. Bxc7 Kxc7 22. b4 Qa6 23. Qxa6 bxa6 24. a4 Rb8 25. Reb1 Bg7 26. Rd1 Rxb4 27. g3 Bxd4 28. h3 e3 0-1

[Event "IECG QB.2005.0.00071"]
[Site "IECG email"]
[Date "2005.12.16"]
[Round "?"]
[White "Ekaworawong, Prayoon"]
[Black "Kovacevic, Antun"]
[Result "0-1"]
[WhiteElo "1819"]
[BlackElo "1943"]
[PlyCount "120"]
[EventDate "2005.12.16"]
[EventType "tourn (corr)"]
[EventRounds "6"]
[SourceTitle "Corr 2008"]
[Source "ChessBase"]
[SourceDate "2008.06.24"]
[SourceVersion "1"]
[SourceVersionDate "2008.06.24"]
[SourceQuality "1"]

1. d4 d5 2. c4 e6 3. Nc3 Be7 4. Nf3 Nf6 5. Bg5 0-0 6. e3 b6 7. Bd3 Nbd7 8. 0-0 Bb7 9. Qe2 c5 10. cxd5 Nxd5 11. Bxe7 Qxe7 12. Ba6 Nxc3 13. bxc3 Nf6 14. Bxb7 Qxb7 15. a4 Rac8 16. Rfb1 cxd4 17. cxd4 Rc7 18. a5 Rfc8 19. axb6 axb6 20. h3 Nd5 21. Qd3 f6 22. Rb2 Rc1+ 23. Rxc1 Rxc1+ 24. Kh2 Rc3 25. Qe4 Qd7 26. Ra2 b5 27. Ra8+ Rc8 28. Rxc8+ Qxc8 29. Nd2 Nc3 30. Qc2 Qc6 31. Qb3 Kf7 32. Qa3 Qc7+ 33. g3 Nd5 34. Ne4 Qc2 35. Nd6+ Kg6 36. Kg1 h6 37. Qa8 Kh7 38. Qb7 b4 39. Ne8 Qg6 40. e4 Nf4 41. Nxf6+ Qxf6 42. gxf4 Qxd4 43. f5 exf5 44. exf5 Kg8 45. Qc8+ Kf7 46. Qe6+ Kf8 47. Kg2 Qc5 48. Qe4 Qb6 49. f6 gxf6 50. Qh7 Qc6+ 51. f3 h5 52. Qh6+ Ke7 53. Qg7+ Ke6 54. Qg8+ Ke5 55. Qb8+ Qd6 56. Qb5+ Kd4 57. Qa4 Ke3 58. Qb3+ Ke2 59. Qc4+ Qd3 60. Qe6+ Kd1 0-1

[Event "IECG QB.2005.0.00071"]
[Site "IECG email"]
[Date "2005.12.16"]
[Round "?"]
[White "Foote, Ian"]
[Black "Ekaworawong, Prayoon"]
[Result "1-0"]
[WhiteElo "1844"]
[BlackElo "1819"]
[PlyCount "57"]
[EventDate "2005.12.16"]
[EventType "tourn (corr)"]
[EventRounds "6"]
[SourceTitle "Corr 2008"]
[Source "ChessBase"]
[SourceDate "2008.06.24"]
[SourceVersion "1"]
[SourceVersionDate "2008.06.24"]
[SourceQuality "1"]

1. Nf3 Nf6 2. c4 e6 3. Nc3 d5 4. d4 Bb4 5. cxd5 exd5 6. Bg5 Nbd7 7. Qc2 h6 8. Bh4 c5 9. e3 c4 10. Be2 Qa5 11. Nd2 0-0 12. Bf3 Bxc3 13. bxc3 b5 14. 0-0 Bb7 15. a4 g5 16. Bg3 bxa4 17. Nxc4 Qd8 18. Nd6 Bc6 19. c4 g4 20. cxd5 Bxd5 21. Bxd5 Nxd5 22. e4 N5f6 23. Nf5 h5 24. e5 Nh7 25. f3 Nb6 26. fxg4 Rc8 27. Qe2 Kh8 28. gxh5 Qd7 29. Nd6 1-0

[Event "IECG CB.2005.0.00147 email"]
[Site "IECG email"]
[Date "2005.11.21"]
[Round "?"]
[White "Ekaworawong, Prayoon"]
[Black "Jones, Chris"]
[Result "1/2-1/2"]
[WhiteElo "1819"]
[BlackElo "1800"]
[PlyCount "92"]
[EventDate "2005.11.21"]
[EventType "tourn (corr)"]
[EventRounds "6"]
[SourceTitle "Corr 2008"]
[Source "ChessBase"]
[SourceDate "2008.06.24"]
[SourceVersion "1"]
[SourceVersionDate "2008.06.24"]
[SourceQuality "1"]

1. e4 e6 2. d4 d5 3. Nc3 Bb4 4. e5 Ne7 5. a3 Bxc3+ 6. bxc3 c5 7. Qg4 0-0 8. Bd3 Qa5 9. Ne2 cxd4 10. Bxh7+ Kxh7 11. Qh4+ Kg8 12. Qxe7 Nc6 13. Qg5 dxc3 14. 0-0 d4 15. f4 f6 16. exf6 Qxg5 17. fxg5 e5 18. Ng3 Be6 19. Nh5 g6 20. Ng3 Bc4 21. Rf2 Rf7 22. h4 Kh7 23. Ne4 Rd8 24. g4 Bd5 25. Ng3 e4 26. h5 Ne5 27. Rf4 Nf3+ 28. Rxf3 exf3 29. Kf2 b5 30. Bf4 a5 31. Rh1 Rfd7 32. hxg6+ Kxg6 33. Nf5 Be4 34. Nh4+ Kf7 35. Nxf3 Bxc2 36. Ne5+ Kg8 37. g6 Bxg6 38. Nxg6 d3 39. Rh8+ Kf7 40. Ne5+ Ke6 41. Nxd7 Rxd7 42. Ke1 d2+ 43. Bxd2 cxd2+ 44. Kd1 Kxf6 45. Ra8 a4 46. Rc8 Rd3 1/2-1/2

[Event "CFriend AQ-2004-0-00003 email"]
[Site "Chessfriend.com"]
[Date "2004.01.18"]
[Round "?"]
[White "Fekih, Brahim"]
[Black "Ekaworawong, Prayoon"]
[Result "1-0"]
[WhiteElo "2001"]
[BlackElo "1896"]
[PlyCount "73"]
[EventDate "2004.??.??"]
[EventType "tourn (corr)"]
[EventRounds "13"]
[SourceTitle "Corr 2008"]
[Source "ChessBase"]
[SourceDate "2008.06.24"]
[SourceVersion "1"]
[SourceVersionDate "2008.06.24"]
[SourceQuality "1"]

1. e4 e6 2. Nf3 d5 3. e5 c5 4. b4 d4 5. bxc5 Bxc5 6. Ba3 Qa5 7. Bxc5 Qxc5 8. c3 Nc6 9. cxd4 Nxd4 10. Qa4+ Nc6 11. Nc3 Qa5 12. Qxa5 Nxa5 13. Ne4 Ke7 14. Nd6 Nh6 15. Rc1 Nc6 16. d4 a6 17. Bd3 f6 18. Rb1 b5 19. Be4 Bd7 20. Rc1 Rac8 21. Nxc8+ Rxc8 22. exf6+ gxf6 23. Ke2 f5 24. Bxc6 Bxc6 25. Ne5 Kd6 26. f3 Bb7 27. Rxc8 Bxc8 28. Rc1 Bb7 29. g3 Ng8 30. Nf7+ Kd7 31. Kd3 Ne7 32. Ne5+ Kd6 33. a3 Nd5 34. Ke2 a5 35. Rc5 b4 36. Rxa5 b3 37. Kd2 1-0

[Event "IECC Swiss-472.1"]
[Site "IECC email"]
[Date "2003.09.24"]
[Round "?"]
[White "Vasquez, Juan Carlos"]
[Black "Ekaworawong, Prayoon"]
[Result "1-0"]
[WhiteElo "1568"]
[BlackElo "1820"]
[PlyCount "71"]
[EventDate "2003.??.??"]
[EventType "swiss (corr)"]
[EventRounds "1"]
[SourceTitle "Corr 2020"]
[Source "ChessBase"]
[SourceDate "2019.09.30"]
[SourceVersion "1"]
[SourceVersionDate "2019.09.30"]
[SourceQuality "1"]
[WhiteTeam "Guatemala"]
[BlackTeam "Thailand"]
[WhiteTeamCountry "GUA"]
[BlackTeamCountry "THA"]

1. e4 c6 2. d4 d5 3. Nc3 dxe4 4. Nxe4 Bf5 5. Ng3 Bg6 6. Nf3 Nd7 7. h4 h6 8. h5 Bh7 9. Bd3 Bxd3 10. Qxd3 Qc7 11. Bd2 e6 12. 0-0-0 Ngf6 13. Ne4 0-0-0 14. Kb1 Nxe4 15. Qxe4 Nf6 16. Qe5 Bd6 17. Qe1 Rhe8 18. c4 c5 19. Ba5 b6 20. Bc3 cxd4 21. Rxd4 Bc5 22. Rdh4 Re7 23. Qe2 Bd6 24. Bxf6 gxf6 25. c5 bxc5 26. Qe3 Qb6 27. Qxh6 Rb7 28. Qc1 Be7 29. h6 Rh8 30. Rc4 Kb8 31. Nd2 f5 32. Qc3 Qd8 33. Nb3 Bf6 34. Qf3 Qf8 35. Nxc5 Rxb2+ 36. Kc1 1-0

[Event "CFriend AQ-2003-0-00001 email"]
[Site "Chessfriend.com"]
[Date "2003.09.17"]
[Round "1"]
[White "Ekaworawong, Prayoon"]
[Black "Sava, Ana Maria"]
[Result "1-0"]
[WhiteElo "1916"]
[BlackElo "2048"]
[PlyCount "53"]
[EventDate "2003.??.??"]
[EventType "tourn (corr)"]
[EventRounds "12"]
[SourceTitle "Corr 2008"]
[Source "ChessBase"]
[SourceDate "2008.06.24"]
[SourceVersion "1"]
[SourceVersionDate "2008.06.24"]
[SourceQuality "1"]

1. e4 c6 2. d4 d5 3. Nc3 dxe4 4. Nxe4 Bf5 5. Ng3 Bg6 6. Nf3 Nd7 7. h4 h6 8. h5 Bh7 9. Bd3 Bxd3 10. Qxd3 Qc7 11. Bd2 0-0-0 12. 0-0-0 Ngf6 13. Ne4 e6 14. g3 Nxe4 15. Qxe4 Nf6 16. Qe2 Bd6 17. c4 Rhe8 18. c5 Bf8 19. Bf4 Qa5 20. Kb1 Nd5 21. Bd2 Qc7 22. Qe1 b6 23. Rc1 Kb7 24. Ne5 Ne7 25. Nxf7 Rxd4 26. Bf4 Rxf4 27. Nd6+ 1-0

[Event "CFriend AQ-2003-0-00001 email"]
[Site "Chessfriend.com"]
[Date "2003.09.17"]
[Round "1"]
[White "Nenciulescu, Silviu Catalin"]
[Black "Ekaworawong, Prayoon"]
[Result "1-0"]
[WhiteElo "2178"]
[BlackElo "1916"]
[PlyCount "55"]
[EventDate "2003.??.??"]
[EventType "tourn (corr)"]
[EventRounds "12"]
[SourceTitle "Corr 2008"]
[Source "ChessBase"]
[SourceDate "2008.06.24"]
[SourceVersion "1"]
[SourceVersionDate "2008.06.24"]
[SourceQuality "1"]

1. d4 Nf6 2. c4 e6 3. Nf3 Bb4+ 4. Nbd2 b6 5. a3 Bxd2+ 6. Bxd2 h6 7. g3 Bb7 8. Bg2 0-0 9. 0-0 d6 10. b4 c5 11. dxc5 dxc5 12. Qb3 Qc8 13. Rfd1 Nbd7 14. Bc3 Rd8 15. Bxf6 Nxf6 16. Rxd8+ Qxd8 17. bxc5 Rb8 18. cxb6 axb6 19. Rd1 Qc7 20. Qb5 Bc6 21. Qe5 Qb7 22. Rd6 Ne8 23. Rxc6 Qxc6 24. Qxb8 Qa4 25. Ne5 Qd1+ 26. Bf1 Qa4 27. Qc8 f6 28. Nc6 1-0

[Event "CFriend AQ-2003-0-00001 email"]
[Site "Chessfriend.com"]
[Date "2003.09.17"]
[Round "1"]
[White "Vidalina, Franjo"]
[Black "Ekaworawong, Prayoon"]
[Result "1-0"]
[WhiteElo "2167"]
[BlackElo "1916"]
[PlyCount "71"]
[EventDate "2003.??.??"]
[EventType "tourn (corr)"]
[EventRounds "12"]
[SourceTitle "Corr 2008"]
[Source "ChessBase"]
[SourceDate "2008.06.24"]
[SourceVersion "1"]
[SourceVersionDate "2008.06.24"]
[SourceQuality "1"]

1. d4 Nf6 2. c4 c5 3. d5 b5 4. cxb5 a6 5. bxa6 Bxa6 6. Nc3 g6 7. e4 Bxf1 8. Kxf1 d6 9. g3 Bg7 10. Kg2 Nbd7 11. f4 0-0 12. Nf3 Qb8 13. Re1 Ne8 14. Qd3 Nc7 15. b3 Na6 16. Bb2 Nb4 17. Qe2 Qb7 18. a3 Na6 19. Nd1 Qxb3 20. Nd2 Qb7 21. Bxg7 Kxg7 22. Ne3 Rfb8 23. a4 Nb4 24. Ndc4 Nf6 25. Qf3 Qd7 26. a5 Ra6 27. g4 e6 28. g5 Nh5 29. Rad1 exd5 30. exd5 h6 31. gxh6+ Kxh6 32. f5 Kg7 33. Rg1 Na2 34. Kh1 Kh7 35. fxg6+ fxg6 36. Rxg6 1-0

[Event "IECC CL3-2003.17 email"]
[Site "IECC email"]
[Date "2003.08.03"]
[Round "?"]
[White "Leyen, Peter"]
[Black "Ekaworawong, Prayoon"]
[Result "1/2-1/2"]
[WhiteElo "1969"]
[BlackElo "1900"]
[PlyCount "94"]
[EventDate "2003.??.??"]
[EventType "tourn (corr)"]
[EventRounds "4"]
[SourceTitle "Corr 2008"]
[Source "ChessBase"]
[SourceDate "2008.06.24"]
[SourceVersion "1"]
[SourceVersionDate "2008.06.24"]
[SourceQuality "1"]

1. e4 c5 2. Nf3 Nc6 3. d4 cxd4 4. Nxd4 Nf6 5. Nc3 e5 6. Ndb5 d6 7. Bg5 a6 8. Na3 b5 9. Nd5 Be7 10. Bxf6 Bxf6 11. c3 0-0 12. Nc2 Rb8 13. Be2 Bg5 14. 0-0 a5 15. Na3 b4 16. Nb5 bxc3 17. bxc3 Ne7 18. Nxe7+ Bxe7 19. Bc4 Kh8 20. a4 Rb6 21. Qd3 f5 22. Bd5 f4 23. Qf3 Rf6 24. Rfb1 Bd7 25. Ra3 g5 26. h3 Rg6 27. c4 g4 28. hxg4 Bxg4 29. Qc3 Rb8 30. c5 dxc5 31. Qxe5+ Rf6 32. Rab3 Qf8 33. Na7 Rxb3 34. Rxb3 Bd6 35. Qc3 Qg7 36. Nb5 Bf8 37. Qxa5 Bd1 38. Rh3 Rg6 39. Rh2 f3 40. g3 Rxg3+ 41. fxg3 Qxg3+ 42. Kh1 f2 43. Rxf2 Qxf2 44. e5 Qf1+ 45. Kh2 Qf4+ 46. Kg2 Bxa4 47. Nc7 Qxe5 1/2-1/2

[Event "IECC M-4784"]
[Site "IECC email"]
[Date "2003.07.18"]
[Round "?"]
[White "Ekaworawong, Prayoon"]
[Black "Wozniak, Zbigniew"]
[Result "1/2-1/2"]
[WhiteElo "1761"]
[BlackElo "1959"]
[PlyCount "115"]
[EventDate "2003.??.??"]
[EventType "tourn (corr)"]
[EventRounds "10"]
[SourceTitle "Corr 2020"]
[Source "ChessBase"]
[SourceDate "2019.09.30"]
[SourceVersion "1"]
[SourceVersionDate "2019.09.30"]
[SourceQuality "1"]
[WhiteTeam "Thailand"]
[BlackTeam "Poland"]
[WhiteTeamCountry "THA"]
[BlackTeamCountry "POL"]

1. e4 c5 2. Nf3 Nc6 3. d4 cxd4 4. Nxd4 Nf6 5. Nc3 e5 6. Ndb5 d6 7. Bg5 a6 8. Na3 b5 9. Nd5 Be7 10. Bxf6 Bxf6 11. c3 Bg5 12. Nc2 0-0 13. a4 bxa4 14. Rxa4 a5 15. Bc4 Rb8 16. b3 Kh8 17. 0-0 f5 18. exf5 Bxf5 19. Nce3 Bg6 20. Ra2 Bf7 21. Qg4 Rb7 22. g3 Bg6 23. h4 Bh6 24. Qe2 Be4 25. f3 Bxd5 26. Nxd5 Qd7 27. Kg2 Rbb8 28. Qe4 g6 29. Rd1 Rb7 30. Ne3 Bxe3 31. Qxe3 Rbb8 32. Qd3 Rf6 33. Qd5 Qb7 34. Re1 Qc7 35. Ra4 Rbf8 36. Rf1 Qc8 37. Qe4 Qc7 38. b4 axb4 39. cxb4 Nd4 40. Be2 d5 41. Qd3 Qf7 42. Ra6 Rf5 43. Bd1 Qg7 44. Qa3 g5 45. h5 g4 46. Ra8 gxf3+ 47. Bxf3 e4 48. Be2 Rxf1 49. Bxf1 Qf6 50. Rxf8+ Qxf8 51. Be2 Nxe2 52. Qb2+ d4 53. Qxe2 e3 54. b5 Qb4 55. h6 Qd2 56. Kf3 Qb4 57. Kg2 Qd2 58. Kf3 1/2-1/2